Xác định các yếu tố ảnh hưởng đến giá đất nền dự án tại khu vực thành phố Cần Thơ : Luận văn tốt nghiệp Cao học. Chuyên ngành Quản trị kinh doanh

Đề tài mô tả khái quát thực trạng quy hoạch, cơ sở hạ tầng và giá đất nền dự án tại thành phố Cần Thơ và khu đô thị Nam Cần Thơ trong khoản thời gian 2010 - 2012, xác định và phân tích các yếu tố ảnh hưởng đến giá đất nền dự án. Đề...

Cijeli opis

Spremljeno u:
Bibliografski detalji
Glavni autor: Mạch, Châu Phương Thảo
Format: Knjiga
Jezik:Undetermined
Izdano: Cần Thơ Trường Đại học Cần Thơ 2014
Teme:
Oznake: Dodaj oznaku
Bez oznaka, Budi prvi tko označuje ovaj zapis!
Thư viện lưu trữ: Trung tâm Học liệu Trường Đại học Cần Thơ
LEADER 01439nam a2200217Ia 4500
001 CTU_196091
008 210402s9999 xx 000 0 und d
082 |a 332.6324 
082 |b Th108 
088 |a 60340102 
100 |a Mạch, Châu Phương Thảo 
245 0 |a Xác định các yếu tố ảnh hưởng đến giá đất nền dự án tại khu vực thành phố Cần Thơ : 
245 0 |b Luận văn tốt nghiệp Cao học. Chuyên ngành Quản trị kinh doanh 
245 0 |c Mạch Châu Phương Thảo ; Lê Khương Ninh (Cán bộ hướng dẫn) 
260 |a Cần Thơ 
260 |b Trường Đại học Cần Thơ 
260 |c 2014 
520 |a Đề tài mô tả khái quát thực trạng quy hoạch, cơ sở hạ tầng và giá đất nền dự án tại thành phố Cần Thơ và khu đô thị Nam Cần Thơ trong khoản thời gian 2010 - 2012, xác định và phân tích các yếu tố ảnh hưởng đến giá đất nền dự án. Đề xuất giải pháp nhằm thúc đẩy thị trường đất nền dự án phát triển ổn định tại thành phố Cần Thơ. 
650 |a Real estate investment,Đầu tư bất động sản 
910 |a Hải 
980 |a Trung tâm Học liệu Trường Đại học Cần Thơ